| Tag |
First Indicator |
Second Indicator |
Subfields |
| LEADER |
00000cem a2200000Ia 4500 |
| 001 |
in00000006199 |
| 005 |
20150928150024.0 |
| 007 |
aj canzn |
| 008 |
990830s1999 gaudg a f 1 eng d |
| 034 |
1 |
|
|a a
|b 126720
|
| 035 |
|
|
|a (OCoLC)ocm42240778
|
| 040 |
|
|
|a GPO
|c GPO
|d AGL
|d OCLCQ
|d UtOrBLW
|
| 049 |
|
|
|a TXAM
|
| 052 |
|
|
|a 3982
|b H6
|b T6
|
| 070 |
0 |
|
|a aG3982.H6 1999
|b .U5 Map
|
| 072 |
|
0 |
|a P300
|
| 072 |
|
0 |
|a K001
|
| 074 |
|
|
|a 0086-C
|
| 086 |
0 |
|
|a A 13.36/2-6:R 8-RG 269
|
| 110 |
1 |
|
|a United States.
|b Forest Service.
|b Southern Region.
|
| 245 |
1 |
0 |
|a Holly Springs and Tombigbee National forests, Mississippi /
|c United States Department of Agriculture, Forest Service, Southern Region.
|
| 250 |
|
|
|a Rev. 1991 /
|b Geometronics Service Center.
|
| 255 |
|
|
|a Scale 1:126,720.
|
| 264 |
|
1 |
|a Atlanta, Ga. :
|b The Region,
|c 1999.
|
| 300 |
|
|
|a 4 maps on 1 sheet :
|b both sides, color ;
|c 66 x 48 cm. or smaller, sheet 68 x 61 cm., folded to 23 x 11 cm.
|
| 336 |
|
|
|a cartographic image
|b cri
|2 rdacontent
|
| 337 |
|
|
|a unmediated
|b n
|2 rdamedia
|
| 338 |
|
|
|a sheet
|b nb
|2 rdacarrier
|
| 490 |
1 |
|
|a Recreation guide R8-RG ;
|v 269
|
| 500 |
|
|
|a Panel title.
|
| 500 |
|
|
|a "Forest Service map."
|
| 500 |
|
|
|a Relief shown by hachures and spot heights.
|
| 500 |
|
|
|a "Revised June 1999."
|
| 500 |
|
|
|a Shipping list number: 99-0333-P.
|
| 500 |
|
|
|a Includes tables of recreation sites, location map, index maps, col. ill., and text.
|
| 500 |
|
|
|a Shipping List #: 99-0333-P
|
| 500 |
|
|
|a Shipping List Date: 08/16/99
|
| 505 |
0 |
|
|a Holly Springs National Forest, Mississippi, Chickasaw meridian -- Tombigbee National Forest (Tombigbee Ranger District), Mississippi, Choctaw meridian [3 maps].
|
| 500 |
|
|
|a Cartographic material.
|
| 651 |
|
0 |
|a Holly Springs National Forest (Miss.)
|v Maps.
|
| 651 |
|
0 |
|a Tombigbee National Forest (Miss.)
|v Maps.
|
| 710 |
2 |
|
|a Geometronics Service Center (U.S.)
|
| 830 |
|
0 |
|a Recreation guide R8 (Atlanta, Ga. : 1990) ;
|v RG 269.
|
| 994 |
|
|
|a E0
|b TXA
|
| 999 |
|
|
|a MARS
|
| 999 |
f |
f |
|s 0ed0e51e-50c7-31dc-89f4-102f3a2f16e0
|i 3c4d561e-00b0-3136-bdea-da8b57b25cc9
|t 0
|
| 952 |
f |
f |
|p normal
|a Texas A&M University
|b College Station
|c Sterling C. Evans Library
|d Evans: Maps (2nd floor)
|t 0
|e A 13.36/2-6:R 8-RG 269
|h Superintendent of Documents classification
|i unmediated -- sheet
|m A14824324847
|
| 998 |
f |
f |
|a A 13.36/2-6:R 8-RG 269
|t 0
|l Evans: Maps (2nd floor)
|